Nazwy autorów quizów Jetpunk - Statystyki

Ogólne statystyki
  • Ten quiz został rozwiązany 41 razy
  • Średni wynik to 2 z 25
Statystyki odpowiedzi
autor % Poprawnych
Jerry{928}
63%
Quiz{master}
50%
Stew{art}
19%
sku{kka}
16%
reless{ness}
9%
scambi{gol}
9%
kiwi{rage}
6%
KoljiVri{Voda}
6%
CB{Temple}
3%
Gassu{69}
3%
Jiao{zira}
3%
kalbaha{mut}
3%
L{BA}
3%
Wolf{Cam}
3%
buck{1017}
0%
cosmo{kim}
0%
Gamer{1162}
0%
Geo{guy}
0%
kat{sudk}
0%
Kv{kq}
0%
mac{212121}
0%
mark{johan}
0%
Matt{punk}
0%
Quizzer{6794}
0%
Third{Party}
0%
Nie znaleziono quizów pasujących do podanych kryteriów
Rozkład punktacji
Procent ludzi z każdym wynikiem
Percentyl według liczby udzielonych odpowiedzi
Twoja historia wyników
Nie rozwiązałeś tego quizu